000 01426cad a22002775a 4500
001 L148144
008 090804e20090724xxk f f000 0 eng d
035 _a(Sirsi) u148144
041 0 _aeng
050 0 4 _a711.52 $2 18
110 2 _aEnglish Heritage
_92714
245 0 0 _aPPS Planning for the historic environment
_bhistoric environment planning practice guide: living draft: 24 July 2009
_h[electronic resource]
260 _aLondon
_bEnglish Heritage
_c2009
490 0 _aPlanning Policy Statement
_v15
505 2 _aIntroduction -- Plan-making and the historic environment -- The development management process -- Further guidance on making changes to heritage assets
520 _aConsultation document accompanies and explains "Planning for the Historic Environment: Planning Policy Planning Statement 15" (PPS). Aims to assist local authorities in implementing the Planning Policy Statement by providing advice, ideas and examples.
520 _aDeadline for comments is 30 October 2009.
521 _aAdvanced
590 _aKA
650 2 4 _aPLANNING POLICY STATEMENT 15
651 4 _aEngland and Wales
_y1543-
690 _aBUILT ENVIRONMENT-BUILDING TYPES-ANCIENT MONUMENTS AND HISTORIC BUILDINGS
690 _aPlanning and development
_96259
856 4 0 _uhttps://www.english-heritage.org.uk/server/show/nav.21136
_zView the practice guide free of charge at www.english-heritage.org.uk...
942 _n0
999 _c109911
_d109911